[Event "EU-ch 12th"]
[Site "Aix les Bains"]
[Date "2011.03.27"]
[Round "6"]
[White "Vitiugov, Nikita"]
[Black "Kulaots, Kaido"]
[Result "1-0"]
[WhiteElo "2720"]
[BlackElo "2601"]
[Annotator "Breutigam,M"]
[PlyCount "63"]
[EventDate "2011.03.22"]
[EventType "swiss"]
[EventRounds "11"]
[EventCountry "FRA"]
[SourceTitle "CBM 142 Extra"]
[Source "ChessBase"]
[SourceDate "2011.06.27"]
[SourceVersion "1"]
[SourceVersionDate "2011.06.27"]
[SourceQuality "1"]

1. d4 Nf6 2. Bg5 e6 3. Nd2 c5 {For some specific reason Black does without the
insertion of 3...h6 4.Bh4.  Schwarz verzichtet aus einem bestimmten Grund auf
den Einschub 3...h6 4.Bh4.} 4. e3 {Now a transposition could result in a pure
Torre Attack, if White develops his king's knight to f3. Nun könnte es per
Zugumstellung ein reiner Torre-Angriff werden, wenn Weiß den Königsspringer
nach f3 entwickelt.} ({Here Hier funktioniert} 4. e4 $6 {does not work so well
on account of nicht so gut, wegen} cxd4 5. e5 Qa5 $1 {[%csl Rg5][%cal Ga5g5]
That is the difference: if Black does with the insertion of 3...h6 4.Bh4, he
can unpin without the structural concession ...g5. Das ist der Unterschied:
Verzichtet Schwarz auf das eingeschaltete Zugpaar 3...h6 4.Bh4, kann sich
Schwarz ohne das strukturelle Zugeständnis ...g5 entfesseln.} 6. Ngf3 (6. exf6
$2 Qxg5 $17) 6... Ne4 (6... Ng4 $5 {[%csl Re5]} 7. Bf4 Nc6 8. Qe2 Bb4 9. a3
Ngxe5 10. Nxe5 Nxe5 11. O-O-O Bxd2+ 12. Bxd2 Qc7 $15) 7. Bf4 Nc6 8. Bd3 Nxd2 9.
Bxd2 Bb4 10. a3 Bxd2+ 11. Qxd2 Qxd2+ 12. Kxd2 f6 $15 {1/2-1/2 (66.) Ivanisevic,
I (2655)-Ludwig,D (2456), Wheeling 2012. Other fourth moves for White are
discussed in Vitiugov-Moranda (in this database). Andere vierte Züge von Weiß
werden in Vitiugov-Moranda besprochen (in dieser Datenbank).}) 4... cxd4 {
Black still has some alternatives. A quick survey: Schwarz verfügt noch über
einige Alternativen. Ein kleiner Überblick:} ({If Falls} 4... d5 5. c3 {
, White can decide whether to transpose to the Torre Attack with Ngf3 or
according to circumstances first play f2-f4. This will, e.g., be one subject
in the third part of our Trompowsky repertoire. , kann Weiß entscheiden, ob
als nächstes mit Ngf3 in den Torre-Angriff übergeleitet wird oder u.U.
zunächst f2-f4 geschehen soll. Dies wird u.a. Thema im dritten Teil unseres
Trompowsky-Repertoire-Vorschlags sein.}) ({After Nach} 4... h6 5. Bxf6 ({
a more resilient move here would be nachhaltiger wäre hier} 5. Bh4 cxd4 6. exd4
Be7 7. Ngf3 {cf. the game Mamedov-Hammer , vgl. Partie Mamedov-Hammer}) 5...
Qxf6 6. Ngf3 {would be by definition a position from the Torre Attack. wäre es
per Definition eine Stellung aus dem Torre-Angriff.} ({The independent attempt
Der eigenständige Versuch} 6. Ne4 {does not lead to any prospects of an
advantage here: führt hier zu keinerlei Aussichten auf Vorteil:} Qh4 $5 7. Nxc5
(7. Bd3 cxd4 8. exd4 Nc6 9. c3 d5 10. Nf3 Qf4 11. Ng3 g6 12. O-O Bg7 $11 {
0-1 (41.) Mishin,A (2323)-Vlasenko,M (2406), St Petersburg 2005.}) 7... Bxc5 8.
Nf3 Qf6 9. dxc5 Qxb2 10. Qd4 Qxd4 11. exd4 b6 $11) 6... cxd4 7. exd4 Nc6 8. c3
d5 9. Bd3 Bd6 10. Qe2 O-O 11. O-O e5 12. dxe5 Nxe5 13. Nxe5 Bxe5 14. Rfe1 Bc7
15. Qf3 Qg5 16. Nf1 Be6 17. h3 Rad8 18. Rad1 g6 19. Nd2 d4 20. Ne4 Qf4 21. Qxf4
Bxf4 22. c4 Rc8 23. b3 Kg7 24. Re2 Rfd8 25. Nd2 Bd7 26. Nf3 Bc6 27. Ne5 Re8 28.
Nxc6 bxc6 29. c5 a5 30. Rde1 Kf8 {1/2-1/2 Jussupow,A (2640)-Almasi,Z (2615),
Groningen 1997.}) ({On the other hand, after Hingegen lässt sich nach} 4... b6
{we would rather be setting out along an independent path away from Torre
theory: schon eher ein eigenständiger Weg abseits der Torre-Theorie
einschlagen:} 5. Ne4 $5 (5. c3) (5. Ngf3) 5... Be7 6. Bxf6 gxf6 7. d5 $1 Bb7 8.
c4 f5 9. Nc3 Bf6 10. Nge2 d6 11. g3 Nd7 12. Bg2 Ne5 13. O-O $14 {1-0 (40.)
Kecskes,G (2280)-Cerneanu,N (2270), Budapest 1995.}) ({In the case of Im Fall
von} 4... Be7 {WGM Antoaneta Stefanova tried to avoid the main lines of the
Torrre on her way to the title at the Women's WCh in 2004 - and successfully
so: versuchte Großmeisterin Antoaneta Stefanova auf ihrem Weg zum Titelgewinn
bei der Frauen-WM 2004 den Torre-Hauptvarianten aus dem Weg zu gehen - mit
Erfolg:} 5. Bxf6 $5 {The voluntary exchange on f6 will also be dealt with in
detail in Mamedov-Hammer (in this database). Der freiwillige Abtausch auf f6
wird auch noch ausführlich Thema in Mamedov-Hammer sein (in dieser Datenbank).}
({White would like to avoid with Bg5xf6 the standard relieving manoeuvre in
the Torre Attack: Weiß möchte mit Bg5xf6 das Standard-Entlastungsmanöver im
Torre-Angriff vermeiden:} 5. c3 b6 6. Ngf3 Bb7 7. Bd3 cxd4 8. exd4 (8. cxd4 $5)
8... Nc6 9. O-O Nd5 10. Bxe7 Ncxe7) 5... Bxf6 6. c3 cxd4 7. exd4 O-O 8. Bd3 b6
9. Qe2 Bb7 10. Ngf3 d6 11. h4 $5 {A typical procedure (cf. also Mamedov-Hammer)
. Ein typisches Vorgehen (vgl. auch Mamedov-Hammer).} Re8 12. O-O-O Nd7 13. Ne4
Qc7 14. Nfg5 d5 $6 {This suppresses the white pressure but makes the b7-bishop
passive. Das dämpft den weißen Druck, macht aber den Läufer b7 passiv.} ({
If Falls} 14... h6 {, there could be the cool follow-up , könnte cool} 15. Kb1
$1 {and White would have all sorts of attacking motifs, e.g. 16.Qh5 if
appropriate also Ng5-h7, or f2-f4 and g2-g4. The knight on g5 should at least
not be taken at the moment: folgen, und Weiß hätte allerhand Angriffsmotive, z.
B. 16.Qh5 ggf. auch Ng5-h7, oder f2-f4 und g2-g4. Der Springer g5 wäre
zumindest im Moment nicht zu nehmen:} hxg5 $2 16. hxg5 Bd8 17. Qh5 Kf8 18. Qh8+
Ke7 19. Qxg7 $18) 15. Nxf6+ Nxf6 16. Rde1 a5 17. Rh3 $1 a4 18. a3 h6 19. Nf3
Ne4 20. Kb1 Rac8 21. Ne5 {White is better because she has chances of a
kingside attack because her bishop is more active than the black one and
because a pawn weakness could arise on e6 if Black were to drive away the
annoyng e5-knight with ...f6. Weiß steht besser, weil sie Chancen auf einen
Königsangriff hat, weil ihr Läufer aktiver ist als der schwarze und weil auf
e6 eine Bauernschwäche entstehen könnte, wenn Schwarz den störenden Springer
e5 mit ...f6 vertreibt.} f6 22. Ng6 Qf7 23. h5 Qc7 24. Re3 Qd6 25. Bc2 Bc6 26.
f3 Ng5 27. g4 Rc7 28. Nh4 $6 ({Einfacher wirkt} 28. f4 $1 {looks simpler:} Ne4
29. Rg1 {, intending 30.Bxe4 and 31.g5. , mit der Idee 30.Bxe4 und 31.g5.})
28... Rcc8 29. Qd3 Qd7 30. Qg6 Rcd8 31. Ng2 $14 {[%cal Gg2f4] 1-0 (65.)
Stefanova,A (2490)-Dzagnidze,N (2452) Elista 2004.}) 5. exd4 Be7 ({After Mit} 
5... b6 $5 {Black could avoid the minor piece setup chosen by Vitiugov in this
game: Bd3/Ne2 . In addition to the usual transpositions to the classical
system of theTorre Attack (with 6.Ngf3 or 6.Bd3 Bb7 7.Ngf3) White could choose
an independent plan with the as yet rarely tried könnte Schwarz die von
Vitiugov in dieser Partie gewählte Leichtfigurenaufstellung Bd3/Ne2 vermeiden.
Neben den üblichen Übergängen zum klassischen System des Torre-Angriffs (mit 6.
Ngf3 oder 6.Bd3 Bb7 7.Ngf3) könnte Weiß dann mit dem bislang kaum erprobten} 6.
Qf3 $5 {. einen eigenständigen Plan wählen.} (6. Bd3 Bb7) 6... Nc6 7. c3 Be7 8.
Bd3 Bb7 9. Qh3 {After the conclusion of the queen manoeuvre it is clear from
now on that short castling by Black will involve certain dangers. Nach
Abschluss des Damenmanövers ist klar, dass die kurze Rochade von Schwarz
fortan mit gewissen Gefahren verbunden wäre.} Nd5 {[%csl Rf4][%cal Gd5f4]} 10.
Bxe7 Qxe7 11. Ne2 {[%csl Gf4] So here it tuned out to make sense to delay the
development of the knight, at least insofar as a path outside of the usual
theory was being considered. The position is more or less level. Who will
castle where and who will attack where depends of course on what the other
side does, e.g. Hier erwies es sich also als sinnvoll, die Springerentwicklung
zu verzögern, zumindest vor dem Hintergrund, einen Weg abseits der
gewöhnlichen Theorie zu gehen. Die Stellung befindet sich ungefähr im
Gleichgewicht. Wer wohin rochieren und wer wo angreifen wird, ist natürlich
abhängig vom Spiel der jeweils anderen Seite, z.B.} h6 $6 12. O-O g5 13. Nc4
O-O-O 14. a4 $40 {[%cal Ga4a5] 1/2-1/2 (47.) Andres Gonzalez,A (2407)
-Bjornsson,S (2297), Olomouc 2001.}) 6. Bd3 b6 7. Ne2 $5 {This would avoid the
known equalising variations in the Torre Attack. The question is simply
whether the knight is really better on e2 than on f3. Damit wären die
bekannten Ausgleichsvarianten im Torre-Angriff umgangen. Die Frage ist bloß,
ob der Springer auf e2 wirklich besser steht als auf f3.} (7. Ngf3 Bb7 $11)
7... Bb7 8. O-O Nc6 9. c3 Nd5 {The typical relieving manoeuvre. Das typische
Entlastungsmanöver.} ({Vitiugov's plan has already found an imitator:
Vitiugovs Plan hat bereits einen Nachahmer gefunden:} 9... O-O 10. Nf3 d6 11.
Ng3 e5 $6 {[%csl Rf5]} 12. Nf5 Nd5 13. Be4 Bxg5 14. Bxd5 Bf6 15. dxe5 dxe5 16.
Nd6 Qc7 17. Nxb7 Qxb7 18. Qa4 Rac8 19. Rfe1 Rfe8 20. Rad1 g6 21. Nd2 $16 {
[%csl Rd6,Rf6][%cal Gd2e4]} (21. Nd4 $6 exd4 $1 22. Rxe8+ Rxe8 23. Bxc6 b5 $1
$11 {1/2-1/2 (41.), Shimanov,A (2591)-Nozdrachev,V (2449), Sochi 2012.})) 10.
Be3 $5 {Original. White has nothing against exchanging the bishop for the
knight; after f2xe3 there could be new possibilities on the f-file and also
even in the centre (e3-e4). Originell. Weiß hat nichts dagegen, den Läufer für
den Springer zu tauschen; nach f2xe3 könnten sich neue Möglichkeiten auf der
f-Linie ergeben und auch einmal im Zentrum (e3-e4).} ({Of course Möglich war
natürlich auch} 10. Bxe7 Ncxe7 11. c4 {was also possible and because the
knight controls the f4-square from e2, the black knight can no longer cling to
its active position. und weil der Springer von e2 aus das Feld f4 kontrolliert,
kann der schwarze Springer sich nicht länger in seiner aktiven Stellung halten.
}) 10... O-O 11. Nf4 Nxf4 ({Perhaps Vielleicht bot} 11... Nxe3 $5 {oftered
more tangible chances of complete equality, e.g. reellere Chancen auf
vollständigen Ausgleich, z.B.} 12. fxe3 {[%cal Gf1f8,Gd1h5]} f5 13. Qe2 {
[%cal Ge3e4]}) 12. Bxf4 d6 13. Nc4 $1 {Now just 14.Re1 (e.g. aimed against ...
e5) and Black might have a solid position but he would have to hang on for
quite a long time in a rather passive position. For that reason... Jetzt noch
14.Re1 (u.a. gegen ...e5 gerichtet) und Schwarz stünde zwar solide, müsste
aber für längere Zeit in einer ziemlich passiven Stellung verharren. Deswegen .
..} e5 14. dxe5 dxe5 15. Bg3 $1 $14 {The rest of the game is perfectly clear:
the e5-pawn will come under pressure at once. In order to protect it, Black 
(who over and above this is slightly lagging in development) will have to
loosen his kingside. And Vitiugov systematically increases the pressure... Der
Rest der Partie ist ein eindeutiger Befund: Der Bauer e5 wird gleich unter
Druck geraten. Um ihn zu schützen, wird Schwarz, der obendrein einen leichten
Entwicklungsrückstand hat, seinen Königsflügel lockern müssen. Und Vitiugov
verstärkt systematisch den Druck ...} ({Not Nicht} 15. Nxe5 $6 Nxe5 16. Bxe5
Qd5 17. Qf3 $8 Qxf3 18. gxf3 Bxf3 $11) 15... g6 (15... f6 16. Qc2 {[%csl Gc2,
Gd3][%cal Gd3h7]}) 16. Be4 f6 17. Qc2 Kg7 18. Rad1 Qc8 19. Rfe1 {[%cal Gf2f4,
Re1e7,Rd1d7]} Rd8 20. Ne3 Bd6 21. Rd2 Ne7 22. Red1 Bxe4 23. Qxe4 Bc7 24. Rxd8
Bxd8 25. f4 $1 exf4 26. Bxf4 Qc6 27. Qxc6 Nxc6 28. Rd7+ Kg8 29. Nd5 Rc8 30. Bh6
$18 b5 31. Rg7+ Kh8 32. Rf7 {Suite illsible et gain Blanc au 38ème coup} 1-0

[Event "Wch Blitz qual"]
[Site "Moscow"]
[Date "2011.02.17"]
[Round "3.1"]
[White "Vitiugov, Nikita"]
[Black "Maslak, Konstantin"]
[Result "1-0"]
[WhiteElo "2709"]
[BlackElo "2561"]
[PlyCount "73"]
[EventDate "2011.02.17"]
[EventType "swiss (blitz)"]
[EventRounds "9"]
[EventCountry "RUS"]
[SourceTitle "CBM 141 Extra"]
[Source "ChessBase"]
[SourceDate "2011.05.03"]
[SourceVersion "1"]
[SourceVersionDate "2011.05.03"]
[SourceQuality "1"]

1. d4 Nf6 2. Bg5 e6 3. Nd2 h6 4. Bh4 c5 5. e4 cxd4 6. e5 g5 7. Bg3 Nd5 8. h4
gxh4 9. Rxh4 Nc6 10. Ngf3 d6 11. Bb5 Bd7 12. exd6 a6 13. Bxc6 Bxc6 14. Nc4 Bb5
15. Qxd4 Rg8 16. O-O-O Bxc4 17. Qxc4 Rc8 18. Qa4+ b5 19. Qxa6 Bg7 20. Qxb5+ Kf8
21. d7 Ra8 22. Bd6+ Ne7 23. Ra4 Rxa4 24. Qxa4 Bf6 25. Nd4 Kg7 26. Bxe7 Qxe7 27.
Nc6 Qc5 28. d8=R Bxd8 29. Nxd8 Qg5+ 30. f4 Qxg2 31. Qd4+ Kh7 32. Nxf7 Rc8 33.
Qd3+ Kg7 34. Ne5 Rc7 35. Qd2 Qg3 36. Nd3 h5 37. Qe1 1-0

[Event "Wch Rapid"]
[Site "Dubai"]
[Date "2014.06.16"]
[Round "5"]
[White "Vitiugov, Nikita"]
[Black "Salem, AR Saleh"]
[Result "1-0"]
[WhiteElo "2742"]
[BlackElo "2581"]
[PlyCount "73"]
[EventDate "2014.06.16"]
[EventType "swiss (rapid)"]
[EventRounds "15"]
[EventCountry "UAE"]
[SourceTitle "CBM 160 Extra"]
[Source "ChessBase"]
[SourceDate "2014.07.01"]
[SourceVersion "1"]
[SourceVersionDate "2014.07.01"]
[SourceQuality "1"]

1. d4 Nf6 2. Bg5 Ne4 3. Bf4 d5 4. e3 c5 5. Bd3 cxd4 6. exd4 Nc6 7. Bxe4 dxe4 8.
Ne2 Bg4 9. h3 Bxe2 10. Qxe2 Qxd4 11. Nc3 e5 12. Be3 Qb4 13. O-O-O Qa5 14. Qg4
Qc7 15. Qxe4 Qc8 16. f4 Be7 17. Nd5 O-O 18. Qxe5 Re8 19. Qc3 Bf8 20. Rhe1 b6
21. g4 Qb7 22. a3 Rac8 23. Qd3 Na5 24. Kb1 Nc4 25. Bc1 Red8 26. Qe4 Qa6 27.
Ne7+ Bxe7 28. Rxd8+ Rxd8 29. Qxe7 Rf8 30. b3 Na5 31. Bb2 Qb5 32. a4 Qc6 33. Rd1
Qa8 34. Qe5 f6 35. Qe6+ Kh8 36. g5 Qf3 37. Qd6 1-0

[Event "Wch Blitz 7th"]
[Site "Khanty-Mansiysk"]
[Date "2013.06.09"]
[Round "5"]
[White "Vitiugov, Nikita"]
[Black "Vallejo Pons, Francisco"]
[Result "1-0"]
[WhiteElo "2734"]
[BlackElo "2706"]
[PlyCount "71"]
[EventDate "2013.06.09"]
[EventType "swiss (blitz)"]
[EventRounds "30"]
[EventCountry "RUS"]
[SourceTitle "CBM 154 Extra"]
[Source "ChessBase"]
[SourceDate "2013.06.25"]
[SourceVersion "2"]
[SourceVersionDate "2013.06.25"]
[SourceQuality "1"]

1. d4 Nf6 2. Bg5 e6 3. Nd2 h6 4. Bh4 c5 5. e4 d5 6. e5 g5 7. Bg3 Nfd7 8. h4 Nc6
9. dxc5 g4 10. Qxg4 Ndxe5 11. Bxe5 Nxe5 12. Bb5+ Bd7 13. Qe2 Bg7 14. c3 Rc8 15.
Ngf3 Rxc5 16. Bxd7+ Nxd7 17. Nb3 Rc4 18. Nbd4 O-O 19. O-O Qf6 20. Rad1 a6 21.
Rfe1 b5 22. a3 Qg6 23. Nd2 Rcc8 24. N2f3 Nc5 25. Ne5 Qf6 26. Qh5 Ne4 27. Ng4
Qf4 28. Ne2 Qf5 29. Qxf5 exf5 30. Ne3 a5 31. Nxf5 Rc5 32. Nf4 Be5 33. Nxd5 Rd8
34. Rxe4 Rdxd5 35. Rxd5 Rxd5 36. Ne7+ 1-0

[Event "Wch Blitz"]
[Site "Doha"]
[Date "2016.12.29"]
[Round "8"]
[White "Vitiugov, Nikita"]
[Black "Adhiban, Baskaran"]
[Result "1-0"]
[WhiteElo "2726"]
[BlackElo "2666"]
[PlyCount "121"]
[EventDate "2016.12.29"]
[EventType "swiss (blitz)"]
[EventRounds "21"]
[EventCountry "QAT"]
[SourceTitle "CBM 176 Extra"]
[Source "ChessBase"]
[SourceDate "2017.03.02"]
[SourceVersion "1"]
[SourceVersionDate "2017.03.02"]
[SourceQuality "1"]

1. d4 Nf6 2. Bg5 Ne4 3. Bf4 c5 4. f3 Qa5+ 5. c3 Nf6 6. Nd2 cxd4 7. Nb3 Qb6 8.
Qxd4 Nc6 9. Qxb6 axb6 10. Nd4 e5 11. Nxc6 exf4 12. Nd4 d5 13. g3 Bd6 14. Kf2
Nh5 15. gxf4 Nxf4 16. e3 Ne6 17. Bb5+ Kf8 18. Nge2 g6 19. h4 h5 20. Nxe6+ Bxe6
21. Nd4 Ke7 22. Bd3 Bd7 23. Bc2 Kf6 24. Bb3 Ra5 25. Rad1 Bc6 26. Ne2 Be5 27.
Nf4 Rd8 28. Ne2 Ke7 29. Rd2 Bf6 30. Nf4 Rc5 31. Nd3 Ra5 32. Nb4 Rd6 33. Kg3
Be5+ 34. f4 Bf6 35. Rhd1 Kf8 36. e4 Be7 37. e5 Rd7 38. Nxd5 Bxd5 39. Bxd5 Rd8
40. a3 Rd7 41. Bf3 Rxd2 42. Rxd2 Rc5 43. Bxb7 Ke8 44. a4 Bf8 45. Ba6 Be7 46.
Bb5+ Kf8 47. Rd7 Rc8 48. Rb7 Rd8 49. Rxb6 Rd2 50. Bc4 Rd1 51. Rb8+ Kg7 52. Rb7
Kf8 53. a5 Rg1+ 54. Kf3 Ra1 55. a6 Bxh4 56. Rxf7+ Ke8 57. Rb7 Be7 58. a7 Bd8
59. Bb5+ Kf8 60. Bc6 h4 61. Rd7 1-0

[Event "Warsaw AIG Life rapid 8th"]
[Site "Warsaw"]
[Date "2008.12.21"]
[Round "10"]
[White "Vitiugov, Nikita"]
[Black "Moranda, Wojciech"]
[Result "1-0"]
[WhiteElo "2638"]
[BlackElo "2536"]
[PlyCount "67"]
[EventDate "2008.12.20"]
[EventType "swiss (rapid)"]
[EventRounds "13"]
[EventCountry "POL"]
[SourceTitle "CBM 127 Extra"]
[Source "ChessBase"]
[SourceDate "2009.01.08"]
[SourceVersion "2"]
[SourceVersionDate "2009.01.28"]
[SourceQuality "1"]

1. d4 Nf6 2. Bg5 e6 3. Nd2 c5 4. Ne4 d5 5. Bxf6 gxf6 6. Nxc5 Bxc5 7. dxc5 Qa5+
8. c3 Qxc5 9. Nf3 Nc6 10. g3 e5 11. Bg2 Bg4 12. O-O Rd8 13. Qd2 h5 14. b4 Qb6
15. a4 Ne7 16. a5 Qb5 17. Rad1 Kf8 18. h3 Be6 19. Nh4 d4 20. f4 Rg8 21. Kh2 Bc4
22. Rf2 d3 23. Be4 f5 24. Nxf5 Nxf5 25. Bxf5 h4 26. g4 e4 27. Bxe4 Kg7 28. exd3
Rge8 29. f5 Rxe4 30. Qg5+ Kh7 31. Qxh4+ Kg7 32. Qxd8 Qe5+ 33. Kg2 Re2 34. Qd4
1-0

[Event "Wch Rapid"]
[Site "Doha"]
[Date "2016.12.27"]
[Round "8"]
[White "Vitiugov, Nikita"]
[Black "Zhigalko, Sergei"]
[Result "1-0"]
[WhiteElo "2726"]
[BlackElo "2671"]
[PlyCount "69"]
[EventDate "2016.12.26"]
[EventType "swiss (rapid)"]
[EventRounds "15"]
[EventCountry "QAT"]
[SourceTitle "CBM 176"]
[Source "ChessBase"]
[SourceDate "2017.01.17"]
[SourceVersion "1"]
[SourceVersionDate "2017.01.17"]
[SourceQuality "1"]

1. d4 Nf6 2. Bg5 d5 3. e3 c5 4. Bxf6 gxf6 5. dxc5 e6 6. Nf3 Qa5+ 7. Nbd2 f5 8.
c4 dxc4 9. Bxc4 Bg7 10. O-O Nd7 11. Nb3 Qc7 12. Qc2 O-O 13. Be2 Nf6 14. Nbd4
Bd7 15. Rac1 a5 16. Bb5 Rfc8 17. Qa4 Bxb5 18. Qxb5 Ne4 19. c6 Rab8 20. h3 Nd6
21. cxb7 Qxc1 22. bxc8=Q+ Qxc8 23. Qxa5 Rxb2 24. Qa3 Rb6 25. Rc1 Qb7 26. Nb3
Ne4 27. Qa4 Bf8 28. Qe8 Kg7 29. Rc8 Qe7 30. Qa4 Qb4 31. Qxb4 Bxb4 32. Rc4 Nc3
33. a3 Ne2+ 34. Kf1 Bxa3 35. Nfd2 1-0

[Event "Wch Rapid"]
[Site "Doha"]
[Date "2016.12.28"]
[Round "12"]
[White "Vitiugov, Nikita"]
[Black "Mareco, Sandro"]
[Result "1-0"]
[WhiteElo "2726"]
[BlackElo "2635"]
[PlyCount "61"]
[EventDate "2016.12.26"]
[EventType "swiss (rapid)"]
[EventRounds "15"]
[EventCountry "QAT"]
[SourceTitle "CBM 176"]
[Source "ChessBase"]
[SourceDate "2017.01.17"]
[SourceVersion "1"]
[SourceVersionDate "2017.01.17"]
[SourceQuality "1"]

1. d4 Nf6 2. Bg5 e6 3. Nd2 h6 4. Bh4 c5 5. e4 cxd4 6. e5 g5 7. Bg3 Nd5 8. h4
gxh4 9. Rxh4 Nc6 10. Ngf3 d6 11. Bb5 Rg8 12. Qe2 Bd7 13. exd6 Rc8 14. Bxc6 Bxc6
15. Nxd4 Bxd6 16. O-O-O Be7 17. Nxc6 Rxc6 18. Rc4 Qc8 19. Rxc6 Qxc6 20. Nf3 Qa4
21. a3 Rg4 22. Ne5 Rg5 23. Qd3 Rf5 24. Re1 h5 25. Nc4 h4 26. Bxh4 b5 27. Nd6+
Bxd6 28. Qxf5 Bf4+ 29. Kb1 Be3 30. Qh7 Bd2 31. Qg8+ 1-0

[Event "EU-ch blitz"]
[Site "Wroclaw"]
[Date "2014.12.19"]
[Round "9"]
[White "Vitiugov, Nikita"]
[Black "Volokitin, Andrei"]
[Result "1-0"]
[WhiteElo "2738"]
[BlackElo "2626"]
[PlyCount "47"]
[EventDate "2014.12.19"]
[EventType "swiss (blitz)"]
[EventRounds "11"]
[EventCountry "POL"]
[SourceTitle "CBM 164 Extra"]
[Source "ChessBase"]
[SourceDate "2015.03.02"]
[SourceVersion "1"]
[SourceVersionDate "2015.03.02"]
[SourceQuality "1"]

1. d4 Nf6 2. Bg5 e6 3. Nd2 c5 4. e3 h6 5. Bh4 Nc6 6. c3 b6 7. Ne4 Be7 8. Bxf6
Bxf6 9. d5 Ne5 10. f4 Ng6 11. Nf3 O-O 12. dxe6 dxe6 13. Qc2 Be7 14. Bd3 Bb7 15.
O-O-O Qc7 16. Ng3 Nh4 17. Ne5 Nxg2 18. Qe2 Bd6 19. Be4 Bxe5 20. Qxg2 Bxe4 21.
Qxe4 Bf6 22. Nh5 Qe7 23. Rhg1 g6 24. Rd7 1-0

[Event "Warsaw AIG Life rapid 8th playoff"]
[Site "Warsaw"]
[Date "2008.12.21"]
[Round "2"]
[White "Vitiugov, Nikita"]
[Black "Lenic, Luka"]
[Result "1-0"]
[WhiteElo "2638"]
[BlackElo "2569"]
[PlyCount "51"]
[EventDate "2008.12.20"]
[EventType "match (blitz)"]
[EventRounds "2"]
[EventCountry "POL"]
[SourceTitle "CBM 127 Extra"]
[Source "ChessBase"]
[SourceDate "2009.01.08"]
[SourceVersion "2"]
[SourceVersionDate "2009.01.28"]
[SourceQuality "1"]

1. d4 Nf6 2. Bg5 e6 3. Nd2 h6 4. Bh4 d6 5. e4 e5 6. Ngf3 Nbd7 7. c3 Be7 8. Be2
O-O 9. O-O Nh7 10. Bg3 Bf6 11. Nc4 Ng5 12. Nxg5 hxg5 13. Bg4 Re8 14. Re1 Nb6
15. dxe5 Bxg4 16. Qxg4 Nxc4 17. exf6 Qxf6 18. Qe2 Ne5 19. Rad1 Rad8 20. Qb5 Rb8
21. Qa5 b6 22. Qxa7 Qe7 23. Qa4 Ra8 24. Qb3 Qe6 25. Qxe6 Rxe6 26. a3 1-0

[Event "Gibraltar Masters"]
[Site "Gibraltar"]
[Date "2006.01.29"]
[Round "6"]
[White "Wells, Peter K"]
[Black "Shirov, Alexei"]
[Result "1-0"]
[WhiteElo "2501"]
[BlackElo "2709"]
[PlyCount "25"]
[EventDate "2006.01.24"]
[EventType "swiss"]
[EventRounds "10"]
[EventCountry "ENG"]
[SourceTitle "CBM 110 Extra"]
[Source "ChessBase"]
[SourceDate "2006.03.10"]
[SourceVersion "2"]
[SourceVersionDate "2006.03.10"]
[SourceQuality "1"]

1. d4 Nf6 2. Bg5 c5 3. Bxf6 gxf6 4. d5 Qb6 5. Qc1 f5 6. c4 Bh6 7. e3 f4 8. exf4
Bxf4 9. Qxf4 Qxb2 10. Ne2 Qxa1 11. Nec3 Qb2 12. d6 Qc2 13. Qe3 1-0